Périphrases - Série 15 - Statistiques

Statistiques générales
  • Ce quiz a été pris 59 fois
  • Le résultat moyen est 3 sur 10
Statistiques - réponses
Périphrase Mot % Correct
La capitale de la bande-dessinée Angoulême
92%
La cité corsaire Saint-Malo
62%
La cité du lion Belfort
46%
La cité des ducs Nantes
36%
La surdouée Montpellier
20%
La belle endormie Bordeaux
14%
La porte du midi Valence
12%
la cité Lamartine Mâcon
8%
La ville blanche La Rochelle
4%
La perle des mers d'Orient Philippines
2%
Aucun quiz correspondant
Distribution des résultats
% des personnes avec chaque résultat
Percentile par nombre de réponses
Votre historique - résultats
Vous n’avez pas pris ce quiz